000 00303nam a2200133Ia 4500
100 _aLevinson/l
942 _cBK
654 _aMechanics
245 _aFundamentals of Engineering Mechanics
260 _bForeign Language Publication
_aMoscow
082 _a620.1
300 _a331
546 _aENGLISH
999 _c26783
_d26783